Eurocentrismo y modernidad. (Introducción a las lecturas de Frankfurt) /
Сохранить в:
| Главный автор: | |
|---|---|
| Формат: | Текст |
| Метки: |
Добавить метку
Нет меток, Требуется 1-ая метка записи!
|
MARC
| LEADER | 00000 a a2200000 04500 | ||
|---|---|---|---|
| 001 | 45030 | ||
| 003 | |||
| 040 | |||
| 100 | |a Dussel, Enrique | ||
| 245 | |a Eurocentrismo y modernidad. |b (Introducción a las lecturas de Frankfurt) / |c Enrique Dussel | ||
| 773 | |g páginas 57-70 | ||
| 999 | |c 23396 |d 23396 | ||
